| 000 | 00435nam a2200205Ia 4500 | ||
|---|---|---|---|
| 001 | 12419 | ||
| 003 | GE_BSU | ||
| 008 | 181216s||||||||xx |||||||||||||| ||und|| | ||
| 020 | _a9780330480543 | ||
| 040 | _cGE_BSU | ||
| 080 | _a821.111-32 | ||
| 100 | _aForbes,Colin. | ||
| 245 | _aSinister Tide. | ||
| 260 | _aLondon. | ||
| 260 | _bPan Books. | ||
| 260 | _c1999 | ||
| 300 | _a422p;18cm. | ||
| 653 | _aSinister Tide. | ||
| 942 | _cBK | ||
| 999 |
_c45593 _d45593 |
||